Governors of Alaska - Statistics

General Stats
  • This quiz has been taken 10 times
  • The average score is 8 of 14
Answer Stats
Term Answer % Correct
2006-2009 Sarah Palin
100%
2002-2006 Frank Murkowski
86%
2018- Mike Dunleavy
71%
2014-2018 Bill Walker
57%
2009-2014 Sean Parnell
57%
1982-1986 Bill Sheffield
43%
1974-1982 Jay Hammond
43%
1969-1970 Keith Harvey Miller
43%
1986-1990 Steve Cowper
43%
1994-2002 Tony Knowles
43%
1966-1969 Wally Hickel
43%
1990-1994 Wally Hickel
43%
1959-1966 William A. Egan
43%
1970-1974 William A. Egan
43%
No matching quizzes found
Score Distribution
Percent of People with Each Score
Percentile by Number Answered
Your Score History
You have not taken this quiz